Birds of India : (Record no. 9531)

MARC details
000 -LEADER
fixed length control field 00699 a2200193 4500
008 - FIXED-LENGTH DATA ELEMENTS--GENERAL INFORMATION
fixed length control field 100901t xxu||||| |||| 00| 0 eng d
010 ## - LCCN (DPL NO)
LC control number ENG-88946
020 ## - INTERNATIONAL STANDARD BOOK NUMBER
International Standard Book Number 9780195689457
Terms of availability 650.00
035 ## - SYSTEM CONTROL NUMBER
System control number EN-72479
037 ## - SOURCE OF ACQUISITION
Source of stock number/acquisition DBAD / PUB
082 14 - DEWEY DECIMAL CLASSIFICATION NUMBER
Classification number 598.09541
245 1# - TITLE STATEMENT
Title Birds of India :
Statement of responsibility, etc edited by Abdul Jamil Urfi
Remainder of title a literary anthology /
260 ## - PUBLICATION, DISTRIBUTION, ETC. (IMPRINT)
Place of publication, distribution, etc New Delhi
Name of publisher, distributor, etc Oxford University Press
Date of publication, distribution, etc 2008
300 ## - PHYSICAL DESCRIPTION
Extent xxviii, 385p. ;
Dimensions 22 cm (Hb)
500 ## - GENERAL NOTE
General note Includes bibliographical references and index
700 ## - ADDED ENTRY--PERSONAL NAME
Personal name Urfi, Abdul Jamil
9 (RLIN) 17843
942 ## - ADDED ENTRY ELEMENTS (KOHA)
Institution code [OBSOLETE] dpl
Item type English Books
Call number prefix 598.09541 / BIR
Source of classification or shelving scheme Dewey Decimal Classification
Holdings
Withdrawn status Lost status Source of classification or shelving scheme Damaged status Not for loan Collection code Home library Current library Source of acquisition Cost, normal purchase price Total Checkouts Full call number Barcode Date last seen Copy number Cost, replacement price Koha item type
    Dewey Decimal Classification   Not For Loan Non-fiction D.B.Act.Division D.B.Act.Division DBAD/PUB 650.00   598.09541 BIR EN-72479 15/09/2008 1 650.00 English Books

© Delhi Public Library
Hit Counter
free hit counter